[Event "Challenge"]
[Site "http://www.queenalice.com/game.php?id=1493284"]
[Date "2017.9.7"]
[Round "-"]
[White "luizhenriq19"]
[Black "JoseSimoes"]
[Result "1-0"]
[WhiteElo "1840"]
[BlackElo "1032"]

1. e4 d5 2. exd5 Qxd5 3. Nf3 Bg4 4. Nc3 Qa5 5. Be2 e5 6. O-O Bc5 7. a3 Nf6 8. b4
Qb6 9. bxc5 Qxc5 10. Rb1 O-O 11. Rxb7 Qc6 12. Rb4 e4 13. Ne5 Qc5 14. Rc4 1-0

[Event "Challenge"]
[Site "http://www.queenalice.com/game.php?id=1493285"]
[Date "2017.9.7"]
[Round "-"]
[White "JoseSimoes"]
[Black "luizhenriq19"]
[Result "0-1"]
[WhiteElo "1032"]
[BlackElo "1842"]

1. e4 e5 2. Nf3 Nc6 3. Bc4 Be7 4. d3 Nf6 5. Be3 O-O 6. Nc3 d6 7. a4 a6 8. O-O
Bg4 9. Qd2 Bxf3 10. gxf3 Kh8 11. d4 exd4 12. Bxd4 Nxd4 13. Qxd4 c5 14. Qd3 Qd7
0-1

[Event "Challenge"]
[Site "http://www.queenalice.com/game.php?id=1493628"]
[Date "2017.9.9"]
[Round "-"]
[White "JoseSimoes"]
[Black "dadge"]
[Result "0-1"]
[WhiteElo "1032"]
[BlackElo "1909"]

1. d4 d5 2. Nc3 e6 3. e3 c5 4. Bd3 c4 5. Be2 Nc6 6. Nf3 Nf6 7. O-O Bd6 8. Qd3
cxd3 9. Bxd3 O-O 10. Ng5 h6 11. Nf3 a6 12. g3 b5 13. a4 b4 14. Ne2 a5 15. c3 Ba6
0-1

[Event "Challenge"]
[Site "http://www.queenalice.com/game.php?id=1493685"]
[Date "2017.9.9"]
[Round "-"]
[White "JoseSimoes"]
[Black "antoniotupan"]
[Result "0-1"]
[WhiteElo "1032"]
[BlackElo "2128"]

1. d4 d5 2. Nc3 Nf6 3. Nf3 e6 4. Bg5 Be7 5. e3 c5 6. Bb5+ Bd7 7. Ne5 Bxb5 8.
Nxb5 Qb6 9. a4 a6 10. Nc3 Qxb2 0-1

[Event "Challenge"]
[Site "http://www.queenalice.com/game.php?id=1493686"]
[Date "2017.9.9"]
[Round "-"]
[White "JoseSimoes"]
[Black "BMJFF33"]
[Result "0-1"]
[WhiteElo "1100"]
[BlackElo "1160"]

1. e4 e6 2. Nf3 Bc5 3. Bc4 Ne7 4. Nc3 c6 5. Qe2 O-O 6. O-O f5 7. d3 Ng6 8. exf5
Rxf5 9. Ne4 d5 10. Bb3 dxe4 11. Qxe4 Rf8 12. Bxe6+ Bxe6 13. Qxe6+ Rf7 14. Bg5
Qd6 15. Qxd6 Bxd6 16. Rae1 Na6 17. Bh4 Nb4 18. Re4 Nxc2 19. Rc1 Nb4 20. d4 Nxa2
21. Rc4 Bf8 22. Re5 Nxe5 23. Nxe5 Rf4 24. Kf1 Rxh4 25. Rb4 Nxb4 26. Nd7 Be7 27.
Ne5 Rxh2 28. Nf3 Rh1+ 29. Ke2 Rb1 30. Ke3 Nc2+ 31. Kf4 Nxd4 32. Nxd4 Rxb2 33. g4
Rb4 34. Ke4 Re8 35. f3 Bc5+ 36. Kf4 Rxd4+ 37. Kg5 Be7+ 38. Kf5 Kf7 39. Ke5 Red8
0-1

[Event "Challenge"]
[Site "http://www.queenalice.com/game.php?id=1493693"]
[Date "2017.9.9"]
[Round "-"]
[White "JoseSimoes"]
[Black "Givanildo"]
[Result "0-1"]
[WhiteElo "1100"]
[BlackElo "1582"]

1. d4 e6 2. Bf4 d5 3. e3 Bd7 4. Nc3 Bb4 5. a3 Bxc3+ 6. bxc3 h6 7. Nf3 Nc6 8. Bd3
g5 9. Bg3 Nf6 10. Rb1 a6 11. Rxb7 Ne4 12. Bxc7 Qc8 13. O-O Qxb7 14. Bg3 Nxg3 15.
fxg3 f5 16. c4 Qc7 17. Qb1 Rb8 18. Qe1 O-O 19. h4 g4 20. Nd2 h5 21. cxd5 exd5
22. c4 Ne7 23. cxd5 Qd6 24. Bc4 Kh8 25. Be2 Nxd5 26. Nc4 Qc7 27. Rf4 Nxf4 28.
gxf4 Bc6 29. Qf1 Bd5 30. a4 Rfe8 31. Bd3 Rb3 32. Bxf5 Bxc4 33. Bg6 Bxf1 34. Bxe8
Qc1 35. Kh2 Rxe3 36. Kh1 Rxe8 37. d5 g3 38. f5 Bd3# 0-1

[Event "Challenge"]
[Site "http://www.queenalice.com/game.php?id=1493786"]
[Date "2017.9.10"]
[Round "-"]
[White "JoseSimoes"]
[Black "ajr"]
[Result "0-1"]
[WhiteElo "1032"]
[BlackElo "1636"]

1. e4 c5 2. Qh5 e6 3. Qxc5 Bxc5 4. Nf3 a6 5. Be2 b5 6. O-O Nf6 7. d3 h6 8. Bf4
Nc6 9. Nc3 Qa5 10. Ne5 Qb4 11. Rab1 Bd4 12. a3 Qc5 13. b4 Qxc3 14. Nxc6 dxc6 15.
Rbc1 Qxa3 16. Bd6 Kd7 17. Bf4 Qxb4 18. c3 Bxc3 19. g3 g5 20. Bg4 Qd4 21. e5 Nxg4
0-1

[Event "Challenge"]
[Site "http://www.queenalice.com/game.php?id=1493839"]
[Date "2017.9.10"]
[Round "-"]
[White "JoseSimoes"]
[Black "betofortaleza"]
[Result "0-1"]
[WhiteElo "1100"]
[BlackElo "1890"]

1. d3 e5 2. Nf3 Nc6 3. Be3 Nf6 4. Bg5 h6 5. Be3 Bb4+ 6. c3 Ba5 7. Bc5 d6 8. Be3
Bg4 9. Nbd2 Qd7 10. Nc4 Bxf3 11. exf3 Bb6 12. Be2 Na5 13. Nxb6 axb6 14. d4 exd4
15. Bxd4 O-O-O 16. O-O Nd5 17. Bxg7 Rhg8 18. Bxh6 Qh3 19. Re1 Qxg2# 0-1

[Event "Challenge"]
[Site "http://www.queenalice.com/game.php?id=1493847"]
[Date "2017.9.10"]
[Round "-"]
[White "JoseSimoes"]
[Black "altair"]
[Result "0-1"]
[WhiteElo "1027"]
[BlackElo "1650"]

1. e3 e5 2. Bb5 a6 3. Bc4 Nf6 4. Qg4 d5 5. Qh4 dxc4 6. Nc3 b5 7. Nf3 Nc6 8. O-O
h6 9. d4 Be7 10. b3 Nd5 11. Qg4 Bxg4 0-1

[Event "Challenge"]
[Site "http://www.queenalice.com/game.php?id=1493866"]
[Date "2017.9.10"]
[Round "-"]
[White "JoseSimoes"]
[Black "squarsh"]
[Result "0-1"]
[WhiteElo "1032"]
[BlackElo "1850"]

1. e4 d5 2. Bb5+ c6 3. Bd3 dxe4 4. Bxe4 Nf6 5. d3 Nxe4 6. Nf3 Nf6 7. O-O Bg4 8.
Bf4 e6 9. c4 Bd6 10. Bd2 Qc7 11. Nc3 Bxh2+ 12. Nxh2 Bxd1 13. Rfxd1 Nbd7 14. Be3
Nb6 15. f4 O-O-O 16. c5 Nbd5 17. Nxd5 Nxd5 18. Bd4 f6 19. Rf1 Nxf4 20. Rae1 Rxd4
21. g3 Nxd3 22. Re3 Nxc5 23. Ra3 Ne4 24. Rxa7 Qxg3+ 25. Kh1 Nf2+ 0-1

[Event "Challenge"]
[Site "http://www.queenalice.com/game.php?id=1493870"]
[Date "2017.9.10"]
[Round "-"]
[White "JoseSimoes"]
[Black "Fredo"]
[Result "0-1"]
[WhiteElo "1032"]
[BlackElo "1913"]

1. d4 f5 2. c4 Nf6 3. Nf3 e6 4. e3 d6 5. Ng5 Be7 6. Nc3 O-O 7. Bd3 Qe8 8. O-O
Nc6 9. Rb1 h6 10. Nf3 Nb4 11. Be2 Bd7 12. g3 Ne4 13. a3 Nc6 14. d5 Ne5 0-1

[Event "Challenge"]
[Site "http://www.queenalice.com/game.php?id=1494052"]
[Date "2017.9.11"]
[Round "-"]
[White "JoseSimoes"]
[Black "abh"]
[Result "0-1"]
[WhiteElo "1032"]
[BlackElo "1960"]

1. e4 e5 2. d4 Nc6 3. Be3 Nf6 4. Bd3 exd4 5. Bg5 Be7 6. Bc4 Nxe4 7. Qg4 Nxg5 8.
Ne2 d5 9. Qg3 Be6 10. Bd3 Bf6 11. O-O Nb4 12. Bb5+ c6 13. a3 Qa5 14. Qd6 Qxb5
15. axb4 Qxe2 16. Na3 Be7 17. Qc7 Bc8 18. b5 cxb5 19. Rae1 Ne6 0-1